000 00574cam a22002053a 4500
001 41184
003 PGUSA
005 20140828083928.0
008 121025s2012||||xxu|||||s|||||000 | eng d
040 _aPGUSA
_beng
042 _adc
100 1 _aLe Queux, William,
_d1864-1927
245 1 0 _aWhither Thou Goest
_h[electronic resource] /
_cWilliam Le Queux
260 _bProject Gutenberg,
_c2012
506 _aPublic domain in the USA.
516 _aElectronic text
830 0 _aProject Gutenberg
_v41184
856 4 0 _uhttp://www.gutenberg.org/ebooks/41184
942 _cEB
999 _c270436
_d270436